| 000 | 00651nam a22001817a 4500 | ||
|---|---|---|---|
| 999 |
_c193251 _d193251 |
||
| 005 | 20221212173401.0 | ||
| 010 | _aENG-135483 | ||
| 020 |
_a9789390569854 _c375.00 |
||
| 035 | _aEN-119020 | ||
| 037 | _bDBAD/PUB | ||
| 082 | _a230.25 | ||
| 100 | _aTan, Jonathan Y. | ||
| 245 |
_aThe federation of asian bishops conference: _bbearing witness to the gospel and the reign of god in asia/ _cby Jonathan Y. Tan |
||
| 260 |
_aDelhi _bISPCK _c2021 |
||
| 270 |
_a1585,1654, madarsa road kashmere gate _bDelhi _e110006 _k011-23866323 _mashish@ispck.org.in |
||
| 300 |
_a212p. _c22cm(pbk) _breference and index |
||
| 942 |
_2ddc _cEN _mTAN _h230.25 |
||